Statistical methods of quality assurance / (Record no. 12644)

MARC details
000 -LEADER
fixed length control field 01207cam a2200313 a 4500
001 - CONTROL NUMBER
control field 2545632
003 - CONTROL NUMBER IDENTIFIER
control field OSt
005 - DATE AND TIME OF LATEST TRANSACTION
control field 20211014095948.0
008 - FIXED-LENGTH DATA ELEMENTS--GENERAL INFORMATION
fixed length control field 940110s1993 enka b 001 0 eng
010 ## - LIBRARY OF CONGRESS CONTROL NUMBER
LC control number 94103181
020 ## - INTERNATIONAL STANDARD BOOK NUMBER
International Standard Book Number 0412559803 (alk. paper)
040 ## - CATALOGING SOURCE
Original cataloging agency DDC
Transcribing agency HU
Modifying agency DLC
041 1# - LANGUAGE CODE
Language code of text/sound track or separate title eng
Language code of original ger
050 00 - LIBRARY OF CONGRESS CALL NUMBER
Classification number TS156.6
Item number .M5813 1993
082 ## - DEWEY DECIMAL CLASSIFICATION NUMBER
Classification number 519.5/MIT
100 1# - MAIN ENTRY--PERSONAL NAME
Personal name Mittag, Hans-Joachim.
9 (RLIN) 13496
240 10 - UNIFORM TITLE
Uniform title Statistische Methoden der Qualitätssicherung.
Language of a work English
245 10 - TITLE STATEMENT
Title Statistical methods of quality assurance /
Statement of responsibility, etc. H.-J. Mittag and H. Rinne ; [translated by Bernard Schreck].
250 ## - EDITION STATEMENT
Edition statement 1st English language ed.
260 ## - PUBLICATION, DISTRIBUTION, ETC.
Place of publication, distribution, etc. London ;
-- New York :
Name of publisher, distributor, etc. Chapman & Hall,
Date of publication, distribution, etc. 1993.
300 ## - PHYSICAL DESCRIPTION
Extent xvi, 663 p. :
Other physical details ill. ;
Dimensions 25 cm.
504 ## - BIBLIOGRAPHY, ETC. NOTE
Bibliography, etc. note Includes bibliographical references (p. 619-640) and indexes.
650 #0 - SUBJECT ADDED ENTRY--TOPICAL TERM
Topical term or geographic name entry element Quality assurance
General subdivision Statistical methods.
9 (RLIN) 13497
700 1# - ADDED ENTRY--PERSONAL NAME
Personal name Rinne, Horst.
9 (RLIN) 13498
856 42 - ELECTRONIC LOCATION AND ACCESS
Materials specified Publisher description
Uniform Resource Identifier <a href="http://www.loc.gov/catdir/enhancements/fy0744/94103181-d.html">http://www.loc.gov/catdir/enhancements/fy0744/94103181-d.html</a>
906 ## - LOCAL DATA ELEMENT F, LDF (RLIN)
a 7
b cbc
c orignew
d 2
e ncip
f 19
g y-gencatlg
942 ## - ADDED ENTRY ELEMENTS (KOHA)
Source of classification or shelving scheme Dewey Decimal Classification
Koha item type Books like text book referance book
Suppress in OPAC No
Holdings
Withdrawn status Lost status Source of classification or shelving scheme Damaged status Not for loan Home library Current library Date acquired Total Checkouts Full call number Barcode Date last seen Copy number Price effective from Koha item type
    Dewey Decimal Classification     Natural & Computational Science Library Natural & Computational Science Library 10/14/2021   519.5/MIT NSCLIB000010841 10/14/2021 10 10/14/2021 Books like text book referance book
    Dewey Decimal Classification     Natural & Computational Science Library Natural & Computational Science Library 10/27/2021   519.5/MIT/1993 NCSLIB000010620 10/27/2021 2 10/27/2021 Books like text book referance book